|
|
|
|
| LEADER |
00888cam a2200241 7i4500 |
| 001 |
0000064500 |
| 005 |
20211209090000.0 |
| 020 |
|
|
|a 9780128154793
|
| 090 |
0 |
0 |
|a QA297
|b .A87 2018
|
| 100 |
1 |
|
|a Attaway, Stormy
|
| 245 |
1 |
0 |
|a Matlab :
|b a practical introduction to programming and problem solving
|c Stormy Attaway.
|
| 250 |
|
|
|a 5th edition.
|
| 264 |
|
|
|a Cambridge, MA:
|b Elsevier,
|c 2018.
|
| 300 |
|
|
|a 1 online resource (xxii, 604 pages):
|b illustrations, text file, PDF.
|
| 336 |
|
|
|a text
|2 rdacontent
|
| 337 |
|
|
|a computer
|2 rdamedia
|
| 338 |
|
|
|a online resource
|2 rdacarrier
|
| 650 |
0 |
0 |
|a Numerical analysis --
|x Data processing
|
| 650 |
0 |
0 |
|a MATLAB
|
| 655 |
0 |
0 |
|a Electronic books
|
| 856 |
4 |
2 |
|u http://library.unisel.edu.my/web/guest/mylibrary
|
| 997 |
|
|
|a Communication, Visual Art & Computing, Faculty
|b Computing, Department
|
| 999 |
|
|
|a EBO0009451
|b EBOOK
|c EBOOK
|e Electronic resources
|